| 000 | 00472nam a22001697a 4500 | ||
|---|---|---|---|
| 005 | 20230106083248.0 | ||
| 008 | 230106b |||||||| |||| 00| 0 eng d | ||
| 020 | _a9982996231 | ||
| 040 |
_aKMU _cKMU |
||
| 050 | _aBF 503 Cho 2015 | ||
| 100 | _aChoolwe M. Choolwe | ||
| 245 |
_aConverting ideas into reality / _cby Choolwe M. Choolwe |
||
| 260 |
_aLusaka ; _bGospel envoy , _c2015 . |
||
| 300 |
_aviii , 95 pages ; _c19 cm. |
||
| 650 | _aConverting ideas | ||
| 942 |
_2lcc _cBK _n0 |
||
| 999 |
_c68 _d68 |
||